[Event "Harrogate 4NCL op 12th"]
[Site "Harrogate"]
[Date "2017.01.06"]
[Round "1"]
[White "Wall, Terence"]
[Black "Bin Suhayl, Ieysaa"]
[Result "1-0"]
[WhiteElo "2172"]
[BlackElo "1967"]
[PlyCount "75"]
[EventDate "2017.01.06"]
[EventType "swiss"]
[EventRounds "5"]
[EventCountry "ENG"]
[SourceTitle "CBM 176 Extra"]
[Source "ChessBase"]
[SourceDate "2017.03.02"]
[SourceVersion "1"]
[SourceVersionDate "2017.03.02"]
[SourceQuality "1"]

1. e4 e6 2. d4 d5 3. Nd2 Nf6 4. Bd3 c5 5. c3 cxd4 6. cxd4 dxe4 7. Nxe4 Nxe4 8. Bxe4 Nd7 9. Nf3 Nf6 10. Bc2 Bd6 11. 0-0 Bd7 12. Re1 Nd5 13. a3 Bc6 14. Ne5 Bxe5 15. dxe5 Qb6 16. Qg4 g6 17. Qh4 h5 18. Rb1 Rc8 19. Bg5 Qb5 20. Be4 Qb3 21. Bf6 Rg8 22. Bg5 Rh8 23. h3 Kd7 24. Bxd5 Bxd5 25. Be7 Rce8 26. Qf6 Qc2 27. Rbd1 Rh7 28. Rxd5+ exd5 29. Qd6+ Kc8 30. Bg5 f6 31. Rc1 Qxc1+ 32. Bxc1 fxe5 33. Qxd5 Rd7 34. Qb3 e4 35. Bf4 b6 36. Qa4 Re6 37. Qc4+ Kb7 38. Qxe6 1-0

[Event "AUS-ch Minor"]
[Site "Cammeray"]
[Date "2011.01.13"]
[Round "11"]
[White "Tracey, Michael"]
[Black "Wall, Terence"]
[Result "0-1"]
[WhiteElo "1347"]
[BlackElo "1339"]
[PlyCount "96"]
[EventDate "2011.01.02"]
[EventType "swiss"]
[EventRounds "11"]
[EventCountry "AUS"]
[SourceTitle "EXT 2012"]
[Source "ChessBase"]
[SourceDate "2011.11.24"]
[SourceVersion "1"]
[SourceVersionDate "2011.11.24"]
[SourceQuality "1"]

1. f4 c5 2. Nf3 Nf6 3. Nc3 g6 4. e4 d6 5. Bc4 Bg7 6. 0-0 e6 7. h3 0-0 8. d3 b6 9. Be3 Bb7 10. Ne2 d5 11. exd5 Nxd5 12. Bc1 Nc6 13. a3 Nce7 14. g4 Qd7 15. c3 Rfd8 16. Ne5 Qd6 17. d4 f6 18. Nf3 Rac8 19. Qb3 cxd4 20. Nfxd4 a6 21. Bd2 b5 22. Bd3 Kh8 23. Rae1 e5 24. fxe5 fxe5 25. Nf3 Qc5+ 26. Kh2 Ne3 27. Bxe3 Qxe3 28. Ned4 Qf4+ 29. Kg2 Qd2+ 30. Kg1 Qxd3 31. Kg2 Rf8 32. Qd1 Qxd1 33. Rxd1 exd4 34. cxd4 Bxf3+ 35. Rxf3 Rc2+ 36. Kg3 Rxf3+ 37. Kxf3 Rxb2 38. d5 Rb3+ 39. Ke4 Rxa3 40. d6 Ra4+ 41. Kf3 Nc6 42. d7 Bf6 43. Rd6 Ne5+ 44. Ke2 Ra2+ 45. Kd1 Nxd7 46. Rxd7 Ra4 47. Rd6 Rd4+ 48. Rxd4 Bxd4 0-1

[Event "AUS-ch Minor"]
[Site "Cammeray"]
[Date "2011.01.06"]
[Round "5"]
[White "Stewart, Matthew"]
[Black "Wall, Terence"]
[Result "0-1"]
[WhiteElo "936"]
[BlackElo "1339"]
[PlyCount "66"]
[EventDate "2011.01.02"]
[EventType "swiss"]
[EventRounds "11"]
[EventCountry "AUS"]
[SourceTitle "EXT 2012"]
[Source "ChessBase"]
[SourceDate "2011.11.24"]
[SourceVersion "1"]
[SourceVersionDate "2011.11.24"]
[SourceQuality "1"]

1. e4 c6 2. Nc3 e6 3. d4 Bb4 4. a3 Bxc3+ 5. bxc3 d5 6. Qg4 Nf6 7. Qh4 Nxe4 8. Qxd8+ Kxd8 9. Ne2 b6 10. f3 Nd6 11. Ng3 Ba6 12. Bxa6 Nxa6 13. 0-0 Kd7 14. Re1 Nc7 15. a4 Nc4 16. Nf1 Ne8 17. Ne3 Ned6 18. Ba3 Nxe3 19. Rxe3 Nc4 20. Re2 Nxa3 21. Rxa3 b5 22. f4 Rhb8 23. a5 b4 24. Ra1 bxc3 25. Re3 Rb4 26. Rxc3 Rab8 27. Rg3 Rb1+ 28. Rxb1 Rxb1+ 29. Kf2 g6 30. Rh3 h5 31. Ra3 Rb2 32. Kf3 Kd6 33. c3 c5 0-1

[Event "AUS-ch Minor"]
[Site "Cammeray"]
[Date "2010.01.13"]
[Round "11"]
[White "Roche, Stephen"]
[Black "Wall, Terence"]
[Result "1-0"]
[WhiteElo "1060"]
[BlackElo "1464"]
[PlyCount "117"]
[EventDate "2010.01.02"]
[EventType "swiss"]
[EventRounds "11"]
[EventCountry "AUS"]
[SourceTitle "EXT 2011"]
[Source "ChessBase"]
[SourceDate "2010.11.26"]
[SourceVersion "1"]
[SourceVersionDate "2010.11.26"]
[SourceQuality "1"]

1. e4 e6 2. d4 d5 3. e5 c5 4. c3 Bd7 5. Nf3 cxd4 6. cxd4 Bb4+ 7. Nc3 h6 8. Bd3 Ne7 9. Bd2 a6 10. 0-0 Bxc3 11. bxc3 b5 12. Nh4 Nf5 13. Nxf5 exf5 14. Re1 Be6 15. a4 bxa4 16. Qxa4+ Bd7 17. Qd1 a5 18. e6 Bxe6 19. Bxf5 Ra6 20. Qg4 Qf6 21. Bxe6 fxe6 22. Qh5+ Kd7 23. Qe2 Rb6 24. Rxa5 Nc6 25. Ra6 Rhb8 26. Rxb6 Rxb6 27. Qd3 Qf5 28. Qxf5 exf5 29. Bf4 h5 30. g3 g6 31. Kg2 Rb3 32. Re3 Ra3 33. Kh3 Ra2 34. Rf3 Ra3 35. Be5 Ke6 36. Bh8 Ra8 37. Re3+ Kf7 38. Be5 Na5 39. f3 Nc4 40. Rd3 Ra2 41. Bf4 Rc2 42. Bg5 Ke6 43. Bf4 Kf6 44. Bc7 Rd2 45. Be5+ Ke6 46. Rxd2 Nxd2 47. f4 Ne4 48. Kh4 Nxc3 49. h3 Ne4 50. g4 Nd2 51. gxh5 Nf3+ 52. Kg3 Nxe5 53. fxe5 gxh5 54. Kf4 h4 55. Kg5 Kf7 56. Kxf5 Ke7 57. Kg5 Ke6 58. Kxh4 Kf5 59. Kh5 1-0

[Event "AUS-ch Minor"]
[Site "Cammeray"]
[Date "2010.01.08"]
[Round "6"]
[White "Wall, Terence"]
[Black "Gray, Garvin"]
[Result "1-0"]
[WhiteElo "1464"]
[BlackElo "1230"]
[PlyCount "59"]
[EventDate "2010.01.02"]
[EventType "swiss"]
[EventRounds "11"]
[EventCountry "AUS"]
[SourceTitle "EXT 2011"]
[Source "ChessBase"]
[SourceDate "2010.11.26"]
[SourceVersion "1"]
[SourceVersionDate "2010.11.26"]
[SourceQuality "1"]

1. d4 Nf6 2. Nf3 e6 3. c3 b6 4. Qc2 Bb7 5. Nbd2 c5 6. e3 Be7 7. Bd3 0-0 8. 0-0 Re8 9. b3 h6 10. a4 d5 11. dxc5 bxc5 12. Bb5 Bc6 13. Ne5 Bxb5 14. axb5 Nfd7 15. Nef3 Qb6 16. c4 Bf6 17. Bb2 Bxb2 18. Qxb2 Nf6 19. Rfd1 a5 20. Ra4 Re7 21. Ne5 Nfd7 22. Ndf3 Nxe5 23. Nxe5 f6 24. Nf3 Rd7 25. h3 dxc4 26. Rxd7 c3 27. Rxg7+ Kxg7 28. Rg4+ Kf7 29. Qc2 Qxb5 30. Qh7+ 1-0

[Event "AUS-ch Minor"]
[Site "Cammeray"]
[Date "2010.01.04"]
[Round "3"]
[White "Beahan, Patrick"]
[Black "Wall, Terence"]
[Result "1-0"]
[WhiteElo "1210"]
[BlackElo "1464"]
[PlyCount "185"]
[EventDate "2010.01.02"]
[EventType "swiss"]
[EventRounds "11"]
[EventCountry "AUS"]
[SourceTitle "EXT 2011"]
[Source "ChessBase"]
[SourceDate "2010.11.26"]
[SourceVersion "1"]
[SourceVersionDate "2010.11.26"]
[SourceQuality "1"]

1. e4 c6 2. d4 d5 3. Nc3 dxe4 4. Nxe4 Bf5 5. Ng3 Bg6 6. h4 h6 7. Nf3 Nd7 8. h5 Bh7 9. Bd3 Ngf6 10. Bf4 e6 11. Bxh7 Nxh7 12. c4 Bb4+ 13. Bd2 Qa5 14. a3 Bxd2+ 15. Qxd2 Qxd2+ 16. Nxd2 Nhf6 17. Nde4 0-0 18. 0-0-0 Nb6 19. Nxf6+ gxf6 20. b3 f5 21. Ne2 a5 22. a4 Nd7 23. f3 Nf6 24. Rdg1 Kh8 25. Rh4 Rg8 26. g3 Rg5 27. f4 Rg7 28. Kd2 Rag8 29. Rh3 Ne4+ 30. Ke3 Rg4 31. c5 Kg7 32. Rb1 Kf6 33. b4 axb4 34. Rxb4 Ra8 35. Kf3 Ra7 36. Rh1 Ke7 37. Ra1 Kd7 38. Ra2 Kc7 39. Rab2 Nf6 40. Rb1 Rg8 41. Nc3 Nxh5 42. Ne2 Nf6 43. a5 Rb8 44. Ra4 Kc8 45. Rh1 h5 46. Nc1 b5 47. cxb6 Rxb6 48. Ra3 Rb4 49. Nd3 Rxd4 50. Ne5 Rd6 51. Rc1 Kc7 52. Nxf7 Rd5 53. Ne5 Rd6 54. a6 Nd5 55. Rh1 Nb4 56. Rxh5 Rxa6 57. Rh7+ Kc8 58. Rc3 Nd5 59. Rb3 Nc7 60. Rh8+ Rd8 61. Rh1 Nb5 62. Rbb1 Nd4+ 63. Kf2 Ra2+ 64. Kf1 Rg8 65. Rh7 Nb5 66. Nxc6 Rxg3 67. Rxb5 Rf3+ 68. Ke1 Re3+ 69. Kd1 Rd3+ 70. Kc1 Rd7 71. Rb8+ Kc7 72. Rxd7+ Kxd7 73. Ne5+ Kc7 74. Re8 Ra6 75. Kd2 Kd6 76. Rd8+ Ke7 77. Rd7+ Ke8 78. Rh7 Ra4 79. Rh8+ Ke7 80. Rh7+ Ke8 81. Ke3 Ra3+ 82. Nd3 Kf8 83. Kd4 Ra5 84. Nc5 Kg8 85. Rb7 Ra8 86. Ke5 Ra5 87. Rc7 Ra8 88. Kxe6 Rf8 89. Nd3 Kh8 90. Ne5 Rg8 91. Kxf5 Rf8+ 92. Kg5 Rg8+ 93. Ng6+ 1-0